[Event "69. UEM HT"]
[Site "Schweinfurt / Germany"]
[Date "2018.04.02"]
[Round "1.8"]
[White "Simon, Manuel"]
[Black "Orf, Niklas"]
[Result "1/2-1/2"]
[WhiteElo "1562"]
[BlackElo "1892"]
[Annotator "Lukas, Norbert"]
[PlyCount "142"]
[EventDate "2018.04.02"]
[EventType "swiss"]
[EventRounds "9"]
[EventCountry "GER"]
[SourceTitle "69. UEM"]
[Source "SK SW 2000 e.V."]
[SourceDate "2018.04.08"]
[SourceVersion "1"]
[SourceVersionDate "2018.04.08"]
[SourceQuality "1"]

1. e4 d6 2. d4 Nf6 3. Nc3 Nbd7 4. Nf3 e5 5. Bg5 Be7 6. Bd3 c6 7. Qd2 Qc7 8. O-O
h6 9. Be3 Ng4 10. d5 Ndf6 11. dxc6 bxc6 12. h3 Nxe3 13. Qxe3 Be6 14. Rad1 Rb8
15. b3 Nd7 16. Rfe1 Nb6 17. Ne2 Bf6 18. Ng3 Nd7 19. c4 Qa5 20. Bb1 Qc7 21. Rd2
O-O 22. Red1 Be7 23. Bc2 Qa5 24. Bb1 Qc5 25. Qxc5 Nxc5 26. Ne1 Rfd8 27. Nd3
Nxd3 28. Rxd3 Rb7 29. Nf1 f5 30. R3d2 f4 31. Kh2 Rbd7 32. g3 d5 33. exd5 cxd5
34. cxd5 Rxd5 35. Bf5 Kf7 36. Bxe6+ Kxe6 37. Rxd5 Rxd5 38. Re1 Kf6 39. Re2 Bb4
40. Kg2 g5 41. Nh2 Kf5 42. Nf3 h5 43. g4+ hxg4 44. hxg4+ Kf6 45. Re4 a5 46. Re2
Ba3 47. Kh3 Be7 48. Kg2 Ke6 49. Kg1 Rd1+ 50. Kg2 Bf6 51. Kh2 Rd3 52. Kg2 Kd5
53. Ne1 Rd1 54. f3 Be7 55. Kf2 Bc5+ 56. Kg2 Bb4 57. Nc2 Bc3 58. Na3 Rd2 59. Kf2
Rxe2+ 60. Kxe2 e4 61. Nc4 Kd4 62. Nd6 exf3+ 63. Kxf3 Bb4 64. Nc4 a4 65. Ke2
axb3 66. axb3 Kc3 67. Kf3 Kxb3 68. Ne5 Kc3 69. Nf7 Be7 70. Ne5 Bf6 71. Nd7 Kd4
1/2-1/2

[Event "69. UEM HT"]
[Site "Schweinfurt / Germany"]
[Date "2018.04.02"]
[Round "1.3"]
[White "Bürger, Norbert"]
[Black "Peuckert, Ruediger"]
[Result "0-1"]
[WhiteElo "1697"]
[BlackElo "1822"]
[Annotator "Lukas, Norbert"]
[PlyCount "84"]
[EventDate "2018.04.02"]
[EventType "swiss"]
[EventRounds "9"]
[EventCountry "GER"]
[SourceTitle "69. UEM"]
[Source "SK SW 2000 e.V."]
[SourceDate "2018.04.08"]
[SourceVersion "1"]
[SourceVersionDate "2018.04.08"]
[SourceQuality "1"]
[WhiteTeam "DJK Abersfeld"]
[BlackTeam "Schachklub Schweinfurt 2000 e.V."]

1. d4 Nf6 2. Nc3 d5 3. e4 dxe4 4. f3 exf3 5. Nxf3 Bg4 6. Be2 e6 7. a3 c6 8. Be3
Nbd7 9. O-O Be7 10. Qe1 Nb6 11. Qg3 O-O 12. Rad1 Bh5 13. Bd3 Nbd5 14. Nxd5 Nxd5
15. Bh6 Bg6 16. Bxg6 fxg6 17. Bc1 Qd6 18. Qxd6 Bxd6 19. Ng5 e5 20. c4 Rxf1+ 21.
Rxf1 Nf6 22. c5 Be7 23. Ne6 exd4 24. b4 d3 25. Nf4 Rd8 26. Rd1 d2 27. Rxd2 Rxd2
28. Bxd2 Ne4 29. Be1 Kf7 30. Nd3 Ke6 31. Nf2 Nf6 32. Nd3 g5 33. Kf1 Kd5 34. Ke2
Kc4 35. Nc1 Nd5 36. Kd2 Bf6 37. Kc2 Ne3+ 38. Kb1 Nxg2 39. Bg3 Nf4 40. Ka2 h5
41. Nb3 h4 42. Nd2+ Kd3 0-1

[Event "69. UEM HT"]
[Site "Schweinfurt / Germany"]
[Date "2018.04.02"]
[Round "1.6"]
[White "Brodt, Andreas"]
[Black "Hilgers, Peter"]
[Result "1-0"]
[WhiteElo "1784"]
[BlackElo "1265"]
[Annotator "Lukas, Norbert"]
[PlyCount "103"]
[EventDate "2018.04.02"]
[EventType "swiss"]
[EventRounds "9"]
[EventCountry "GER"]
[SourceTitle "69. UEM"]
[Source "SK SW 2000 e.V."]
[SourceDate "2018.04.08"]
[SourceVersion "1"]
[SourceVersionDate "2018.04.08"]
[SourceQuality "1"]
[WhiteTeam "Schachklub Schweinfurt 2000 e.V."]
[BlackTeam "DJK Abersfeld"]

1. d4 d6 2. Nf3 g6 3. c4 Bg7 4. g3 Nf6 5. Nc3 O-O 6. Bg2 Nc6 7. O-O Re8 8. e3
Rb8 9. d5 Ne5 10. Nxe5 dxe5 11. e4 a6 12. h3 Qd6 13. g4 b6 14. a3 Bb7 15. b4
Red8 16. Qe1 c6 17. f4 Rbc8 18. fxe5 Qxe5 19. Bf4 Qd4+ 20. Be3 Qxc4 21. Bxb6
Re8 22. Rc1 Nd7 23. Be3 Bd4 24. Qf2 Bxe3 25. Qxe3 Ne5 26. Ne2 Qd3 27. Qxd3 Nxd3
28. Rc3 Ne5 29. Nd4 Red8 30. Rfc1 Rd6 31. Nf3 Nxf3+ 32. Bxf3 e5 33. dxe6 Rxe6
34. Rc5 f6 35. Kf2 Kf7 36. Kg3 g5 37. h4 h6 38. hxg5 hxg5 39. a4 Re5 40. Rd1
Re7 41. Re1 Rcc7 42. e5 Rcd7 43. exf6 Kxf6 44. Rf5+ Kg6 45. Be4 Rf7 46. Rc5+
Kg7 47. Rxg5+ Kf8 48. Bg6 Rf6 49. Re8+ Kg7 50. Bf5+ Kh6 51. Rh5+ Kg7 52. Rh7#
1-0

[Event "69. UEM HT"]
[Site "Schweinfurt / Germany"]
[Date "2018.04.02"]
[Round "1.4"]
[White "Herberich, Martin"]
[Black "Pfennig, Joachim"]
[Result "1-0"]
[WhiteElo "1810"]
[BlackElo "1452"]
[Annotator "Lukas, Norbert"]
[PlyCount "113"]
[EventDate "2018.04.02"]
[EventType "swiss"]
[EventRounds "9"]
[EventCountry "GER"]
[SourceTitle "69. UEM"]
[Source "SK SW 2000 e.V."]
[SourceDate "2018.04.08"]
[SourceVersion "1"]
[SourceVersionDate "2018.04.08"]
[SourceQuality "1"]
[WhiteTeam "TV Faulbach e.V. 1920"]
[BlackTeam "SC 1947 Bergrheinfeld"]

1. d4 d5 2. Nf3 Nf6 3. Bg5 Nbd7 4. e3 e6 5. Nbd2 Be7 6. Bd3 b6 7. O-O Bb7 8. c3
O-O 9. Re1 Ne4 10. Bxe7 Qxe7 11. c4 Ndf6 12. cxd5 Bxd5 13. Qc2 Nxd2 14. Nxd2 g6
15. Ne4 Nxe4 16. Bxe4 Bxe4 17. Qxe4 Qd6 18. Rec1 Rfd8 19. Rc6 Qe7 20. Rac1 Rac8
21. Qc2 Rd7 22. Qc4 a5 23. Rxb6 cxb6 24. Qxc8+ Kg7 25. Qc3 Kf8 26. g3 f6 27.
Qc6 Kg7 28. Qxb6 Rb7 29. Qxa5 Kh6 30. Qc3 Ra7 31. a3 Qb7 32. b4 Qe4 33. Qc2 Qf3
34. Ra1 Kg5 35. Qd1 Qd5 36. a4 h5 37. Rc1 Qa2 38. Rc5+ Kh6 39. a5 Qb2 40. Qe1
Rb7 41. Rc4 Qb3 42. Qc3 Qb1+ 43. Kg2 h4 44. gxh4 Qd1 45. h3 Rg7 46. Qc1 Qd3 47.
Qc2 Qa3 48. Qc3 Qa2 49. Rc5 f5 50. Qc2 Qa3 51. Qd2 Kh5 52. e4 g5 53. exf5 Kxh4
54. Qe3 Qxb4 55. fxe6 Qb7+ 56. Qf3 Qe7 57. Qg4# 1-0

[Event "69. UEM HT"]
[Site "Schweinfurt / Germany"]
[Date "2018.04.02"]
[Round "1.7"]
[White "Susallek, Daniela"]
[Black "Brennfleck, Martin"]
[Result "0-1"]
[WhiteElo "1100"]
[BlackElo "1656"]
[Annotator "Lukas, Norbert"]
[PlyCount "94"]
[EventDate "2018.04.02"]
[EventType "swiss"]
[EventRounds "9"]
[EventCountry "GER"]
[SourceTitle "69. UEM"]
[Source "SK SW 2000 e.V."]
[SourceDate "2018.04.08"]
[SourceVersion "1"]
[SourceVersionDate "2018.04.08"]
[SourceQuality "1"]
[WhiteTeam "SK 1928 Mömbris"]
[BlackTeam "SC Kitzingen von 1905"]

1. e4 c5 2. Nf3 g6 3. Bc4 Bg7 4. d3 e6 5. Nc3 Ne7 6. Be3 b6 7. O-O O-O 8. Bg5
Bb7 9. Bxe7 Qxe7 10. Rb1 Nc6 11. Re1 Ne5 12. Bb5 a6 13. Ba4 b5 14. Bb3 Rfc8 15.
Qe2 c4 16. dxc4 Nxc4 17. Bxc4 Rxc4 18. Nd1 Rxe4 19. Qd3 Rxe1+ 20. Nxe1 Qg5 21.
Ne3 Be5 22. h3 Bf4 23. Rd1 Be5 24. c3 Qf4 25. Ng4 Bb8 26. Qd4 Qxd4 27. Rxd4 Kg7
28. Nd3 h5 29. Nc5 Bc8 30. Ne3 Ba7 31. b4 Kf8 32. Rd3 d6 33. Ne4 Ke7 34. c4 Bb7
35. Ng5 Rc8 36. cxb5 axb5 37. Nf3 Be4 38. Rb3 f6 39. Kf1 e5 40. Nd2 Ba8 41. Ra3
Ke6 42. f3 d5 43. Nb3 d4 44. Nd1 Bd5 45. Nd2 Rc1 46. Ke2 Rc2 47. Nf2 Bc4+ 0-1

[Event "69. UEM HT"]
[Site "Schweinfurt / Germany"]
[Date "2018.04.02"]
[Round "1.2"]
[White "Volkamer, Klaus"]
[Black "Nicola, Marius"]
[Result "1-0"]
[WhiteElo "1883"]
[BlackElo "1491"]
[Annotator "Lukas, Norbert"]
[PlyCount "63"]
[EventDate "2018.04.02"]
[EventType "swiss"]
[EventRounds "9"]
[EventCountry "GER"]
[SourceTitle "69. UEM"]
[Source "SK SW 2000 e.V."]
[SourceDate "2018.04.08"]
[SourceVersion "1"]
[SourceVersionDate "2018.04.08"]
[SourceQuality "1"]
[WhiteTeam "SC Kitzingen von 1905"]
[BlackTeam "Schachklub Schweinfurt 2000 e.V."]

1. d4 e6 2. c4 Nf6 3. Nf3 b6 4. g3 Bb7 5. Bg2 c5 6. e3 Nc6 7. O-O Be7 8. Nc3 h6
9. a3 Ba6 10. b3 d5 11. Nb5 Rc8 12. dxc5 Bxc5 13. Bb2 Bxb5 14. cxb5 Nb8 15. Qe2
Nbd7 16. Rfd1 O-O 17. Ne5 Nxe5 18. Bxe5 Bd6 19. Bb2 Bc5 20. Rd2 Qe7 21. b4 Bd6
22. Rad1 Rc4 23. Bxf6 Qxf6 24. e4 Rfc8 25. exd5 exd5 26. Bxd5 Rc1 27. Bc6 Rxd1+
28. Qxd1 Bb8 29. Rd3 Kh7 30. Rf3 Qe6 31. Bd7 Rd8 32. Qc2+ 1-0

[Event "69. UEM HT"]
[Site "Schweinfurt / Germany"]
[Date "2018.04.02"]
[Round "1.11"]
[White "Bokov, Igor"]
[Black "Köhler, Michael"]
[Result "0-1"]
[WhiteElo "741"]
[BlackElo "1608"]
[Annotator "Lukas, Norbert"]
[PlyCount "92"]
[EventDate "2018.04.02"]
[EventType "swiss"]
[EventRounds "9"]
[EventCountry "GER"]
[SourceTitle "69. UEM"]
[Source "SK SW 2000 e.V."]
[SourceDate "2018.04.08"]
[SourceVersion "1"]
[SourceVersionDate "2018.04.08"]
[SourceQuality "1"]
[WhiteTeam "Schachklub Schweinfurt 2000 e.V."]
[BlackTeam "SC Prichsenstadt"]

1. e4 e6 2. Nf3 d5 3. e5 c5 4. Bb5+ Bd7 5. Bxd7+ Nxd7 6. d3 Ne7 7. Bg5 Qc7 8.
Bxe7 Bxe7 9. Nc3 Nxe5 10. Nxe5 Qxe5+ 11. Qe2 Qxe2+ 12. Nxe2 O-O 13. O-O Rfc8
14. Nc3 c4 15. dxc4 Rxc4 16. Nb5 Rxc2 17. Rab1 a6 18. Na3 Bxa3 19. bxa3 b5 20.
Ra1 Rac8 21. h3 h6 22. a4 Rb2 23. Rfc1 Rxc1+ 24. Rxc1 Rxa2 25. axb5 axb5 26.
Rc8+ Kh7 27. Rc7 Kg6 28. Rb7 Ra1+ 29. Kh2 Rb1 30. Rc7 d4 31. Rc2 e5 32. f3 b4
33. Rc6+ f6 34. Rc2 b3 35. Rd2 b2 36. Kg3 Kf5 37. Rf2 g5 38. h4 Ke6 39. hxg5
hxg5 40. Rd2 f5 41. f4 gxf4+ 42. Kf3 Rf1+ 43. Rf2 Rxf2+ 44. Kxf2 b1=Q 45. Kf3
d3 46. g3 Qf1# 0-1

[Event "69. UEM HT"]
[Site "Schweinfurt / Germany"]
[Date "2018.04.02"]
[Round "1.5"]
[White "Brätz, Yannick"]
[Black "Elbert, Thomas"]
[Result "0-1"]
[WhiteElo "1363"]
[BlackElo "1789"]
[Annotator "Lukas, Norbert"]
[PlyCount "92"]
[EventDate "2018.04.02"]
[EventType "swiss"]
[EventRounds "9"]
[EventCountry "GER"]
[SourceTitle "69. UEM"]
[Source "SK SW 2000 e.V."]
[SourceDate "2018.04.08"]
[SourceVersion "1"]
[SourceVersionDate "2018.04.08"]
[SourceQuality "1"]
[WhiteTeam "Schachklub Schweinfurt 2000 e.V."]
[BlackTeam "Schachfreunde Sailauf"]

1. e4 Nf6 2. e5 Nd5 3. d4 d6 4. c4 Nb6 5. exd6 exd6 6. Nf3 Bg4 7. Be2 Be7 8.
O-O O-O 9. b3 N8d7 10. Bb2 Bf6 11. Qc2 Re8 12. h3 Bh5 13. Na3 c6 14. Rae1 Qc7
15. Nh2 Bg6 16. Bd3 Nf8 17. Nb1 Qd7 18. Nd2 Re6 19. Ng4 Bd8 20. Bxg6 Rxg6 21.
Kh1 Bc7 22. Nf3 Qd8 23. a4 Nbd7 24. b4 a6 25. Qd2 d5 26. c5 Ne6 27. Nge5 Nxe5
28. Nxe5 Rh6 29. Qe3 Qh4 30. Qg3 Qd8 31. Qe3 Ng5 32. Nf3 Ne4 33. Nd2 f5 34.
Nxe4 fxe4 35. Bc1 Rg6 36. f3 Rg3 37. Qe2 exf3 38. Rxf3 Rxf3 39. Qxf3 Qh4 40.
Qe3 Rf8 41. Qe6+ Kh8 42. Qe3 h6 43. Qg1 Bg3 44. Re3 Bf2 45. Qh2 Qxd4 46. Qd6
Rf6 0-1

[Event "69. UEM HT"]
[Site "Schweinfurt / Germany"]
[Date "2018.04.02"]
[Round "1.8"]
[White "Mehler, Walter"]
[Black "Chen, Jiwei"]
[Result "1/2-1/2"]
[WhiteElo "1646"]
[BlackElo "1062"]
[Annotator "Lukas, Norbert"]
[PlyCount "57"]
[EventDate "2018.04.02"]
[EventType "swiss"]
[EventRounds "9"]
[EventCountry "GER"]
[SourceTitle "69. UEM"]
[Source "SK SW 2000 e.V."]
[SourceDate "2018.04.08"]
[SourceVersion "1"]
[SourceVersionDate "2018.04.08"]
[SourceQuality "1"]
[WhiteTeam "TSV 1895 Karlburg e.V."]
[BlackTeam "Schachklub Schweinfurt 2000 e.V."]

1. e4 e5 2. Nf3 Nc6 3. Bc4 Bc5 4. O-O d6 5. h3 Qf6 6. c3 Qg6 7. d3 Nf6 8. Nh4
Qh5 9. Qxh5 Nxh5 10. Be3 Bb6 11. Nd2 O-O 12. Rfe1 Ba5 13. Nhf3 h6 14. Rac1 Be6
15. Bb3 Rad8 16. Nc4 Nf4 17. Rcd1 d5 18. Nxa5 Nxa5 19. Nxe5 Nxb3 20. Bxf4 Nc5
21. Be3 Na6 22. b3 f6 23. Nf3 Bf7 24. Nd4 c6 25. Nf5 Rfe8 26. f3 b6 27. Bf4 Kh7
28. Nd4 Nb8 29. Nf5 1/2-1/2

[Event "69. UEM HT"]
[Site "Schweinfurt / Germany"]
[Date "2018.04.02"]
[Round "1.9"]
[White "Gerhard, Phillip"]
[Black "Rachor, Udo"]
[Result "0-1"]
[WhiteElo "964"]
[BlackElo "1618"]
[Annotator "Lukas, Norbert"]
[PlyCount "74"]
[EventDate "2018.04.02"]
[EventType "swiss"]
[EventRounds "9"]
[EventCountry "GER"]
[SourceTitle "69. UEM"]
[Source "SK SW 2000 e.V."]
[SourceDate "2018.04.08"]
[SourceVersion "1"]
[SourceVersionDate "2018.04.08"]
[SourceQuality "1"]
[WhiteTeam "TSV 1895 Karlburg e.V."]
[BlackTeam "TSV 1895 Karlburg e.V."]

1. e4 e6 2. d4 d5 3. e5 c5 4. c3 Nc6 5. Bb5 Bd7 6. Nf3 Qb6 7. Bd3 cxd4 8. cxd4
Nxd4 9. Nxd4 Qxd4 10. O-O Qxe5 11. Re1 Qc7 12. Nc3 Nf6 13. Bb5 Be7 14. Bg5 O-O
15. Bxf6 Bxf6 16. Bd3 Bxc3 17. bxc3 Qxc3 18. Re3 Qf6 19. Rb1 Bc6 20. Bxh7+ Kxh7
21. Rh3+ Qh6 22. Rxh6+ Kxh6 23. Rb3 g6 24. Qd2+ Kg7 25. Rh3 Rh8 26. Qd4+ f6 27.
Rf3 e5 28. Qg4 f5 29. Qg3 Kf6 30. h4 Rh5 31. Qh3 Rah8 32. g3 d4 33. Qf1 Bxf3
34. Qd3 Bc6 35. f3 a6 36. g4 Rxh4 37. gxf5 gxf5 0-1

[Event "69. UEM HT"]
[Site "Schweinfurt / Germany"]
[Date "2018.04.03"]
[Round "2.8"]
[White "Brennfleck, Martin"]
[Black "Volkamer, Klaus"]
[Result "1/2-1/2"]
[WhiteElo "1656"]
[BlackElo "1892"]
[Annotator "Lukas, Norbert"]
[PlyCount "29"]
[EventDate "2018.04.02"]
[EventType "swiss"]
[EventRounds "9"]
[EventCountry "GER"]
[SourceTitle "69. UEM"]
[Source "SK SW 2000 e.V."]
[SourceDate "2018.04.08"]
[SourceVersion "1"]
[SourceVersionDate "2018.04.08"]
[SourceQuality "1"]

1. c4 c5 2. g3 Nc6 3. Bg2 g6 4. Nc3 Bg7 5. Rb1 d6 6. e3 e5 7. Nge2 Nge7 8. O-O
O-O 9. a3 Be6 10. d3 a5 11. h3 d5 12. b3 d4 13. Ne4 b6 14. Kh2 Ra7 15. Ng5
1/2-1/2

[Event "69. UEM HT"]
[Site "Schweinfurt / Germany"]
[Date "2018.04.03"]
[Round "2.7"]
[White "Orf, Niklas"]
[Black "Bürger, Norbert"]
[Result "1-0"]
[WhiteElo "1892"]
[BlackElo "1697"]
[Annotator "Lukas, Norbert"]
[PlyCount "57"]
[EventDate "2018.04.02"]
[EventType "swiss"]
[EventRounds "9"]
[EventCountry "GER"]
[SourceTitle "69. UEM"]
[Source "SK SW 2000 e.V."]
[SourceDate "2018.04.08"]
[SourceVersion "1"]
[SourceVersionDate "2018.04.08"]
[SourceQuality "1"]
[WhiteTeam "SK 1933 Bad Neustadt"]
[BlackTeam "DJK Abersfeld"]

1. d4 d5 2. Bf4 c5 3. e3 e6 4. Nf3 a6 5. c3 Nc6 6. Bd3 c4 7. Bc2 Bd6 8. Bg3
Bxg3 9. hxg3 f5 10. Ne5 Nxe5 11. dxe5 Qd7 12. Qd4 Qc7 13. f4 Bd7 14. g4 O-O-O
15. Bd1 Ne7 16. Na3 Nc6 17. Qd2 g6 18. gxf5 gxf5 19. g4 Ne7 20. Bf3 Bc6 21. Qg2
Rdg8 22. Rh4 Qb6 23. Qe2 fxg4 24. Rxg4 Nf5 25. Kf2 h5 26. Rxg8+ Rxg8 27. Bxh5
Rg3 28. Bf3 Rh3 29. Rh1 {Zeitüberschreitung} 1-0

[Event "69. UEM HT"]
[Site "Schweinfurt / Germany"]
[Date "2018.04.03"]
[Round "2.11"]
[White "Hilgers, Peter"]
[Black "Bokov, Igor"]
[Result "1-0"]
[WhiteElo "1265"]
[BlackElo "741"]
[Annotator "Lukas, Norbert"]
[PlyCount "119"]
[EventDate "2018.04.02"]
[EventType "swiss"]
[EventRounds "9"]
[EventCountry "GER"]
[SourceTitle "69. UEM"]
[Source "SK SW 2000 e.V."]
[SourceDate "2018.04.08"]
[SourceVersion "1"]
[SourceVersionDate "2018.04.08"]
[SourceQuality "1"]
[WhiteTeam "DJK Abersfeld"]
[BlackTeam "Schachklub Schweinfurt 2000 e.V."]

1. b4 e5 2. Bb2 f6 3. b5 d6 4. c4 Be6 5. e3 a6 6. Nc3 Bd7 7. a4 c6 8. Nf3 axb5
9. axb5 Rxa1 10. Qxa1 cxb5 11. cxb5 Be6 12. Be2 d5 13. d4 Bb4 14. Qa4 Bxc3+ 15.
Bxc3 exd4 16. Nxd4 Bd7 17. O-O Na6 18. Qb3 Nc7 19. Ra1 Ne7 20. Ra7 Qb8 21. Qa3
O-O 22. b6 Ne6 23. Qxe7 Qd8 24. Qxd8 Rxd8 25. Rxb7 Nxd4 26. Bxd4 Bc6 27. Rc7
Ba8 28. b7 Bxb7 29. Rxb7 Rc8 30. g3 Rc1+ 31. Kg2 Rc2 32. Bf3 Rc8 33. Bxd5+ Kh8
34. Be6 Re8 35. Bb3 Rc8 36. Ba7 g6 37. Rb8 Rxb8 38. Bxb8 Kg7 39. f4 h5 40. h4
f5 41. Bd5 Kf6 42. Be5+ Ke7 43. e4 fxe4 44. Bxe4 Ke6 45. Bb2 Kd6 46. Bxg6 Ke6
47. Bxh5 Kf5 48. Kf3 Ke6 49. Bg4+ Kf7 50. h5 Kg8 51. Bf5 Kf8 52. h6 Kf7 53. h7
Ke7 54. h8=Q Kd6 55. Qe5+ Kc6 56. Be4+ Kb6 57. Qd4+ Kb5 58. Bc3 Ka6 59. Qa4+
Kb6 60. Qa5# 1-0

[Event "69. UEM HT"]
[Site "Schweinfurt / Germany"]
[Date "2018.04.03"]
[Round "2.9"]
[White "Pfennig, Joachim"]
[Black "Gerhard, Phillip"]
[Result "1-0"]
[WhiteElo "1452"]
[BlackElo "964"]
[Annotator "Lukas, Norbert"]
[PlyCount "37"]
[EventDate "2018.04.02"]
[EventType "swiss"]
[EventRounds "9"]
[EventCountry "GER"]
[SourceTitle "69. UEM"]
[Source "SK SW 2000 e.V."]
[SourceDate "2018.04.08"]
[SourceVersion "1"]
[SourceVersionDate "2018.04.08"]
[SourceQuality "1"]
[WhiteTeam "SC 1947 Bergrheinfeld"]
[BlackTeam "TSV 1895 Karlburg e.V."]

1. e4 c5 2. Nf3 Nc6 3. d4 cxd4 4. Nxd4 Nxd4 5. Qxd4 e6 6. Nc3 Qf6 7. Be3 d6 8.
Bb5+ Bd7 9. Bxd7+ Kxd7 10. O-O Be7 11. Qa4+ Kd8 12. Bxa7 Nh6 13. Bb6+ Kc8 14.
Qxa8+ Kd7 15. Qxb7+ Ke8 16. Qc6+ Kf8 17. Qc8+ Bd8 18. Bxd8 Qf4 19. Bf6# 1-0

[Event "69. UEM HT"]
[Site "Schweinfurt / Germany"]
[Date "2018.04.03"]
[Round "2.5"]
[White "Köhler, Michael"]
[Black "Mehler, Walter"]
[Result "1/2-1/2"]
[WhiteElo "1608"]
[BlackElo "1646"]
[Annotator "Lukas, Norbert"]
[PlyCount "82"]
[EventDate "2018.04.02"]
[EventType "swiss"]
[EventRounds "9"]
[EventCountry "GER"]
[SourceTitle "69. UEM"]
[Source "SK SW 2000 e.V."]
[SourceDate "2018.04.08"]
[SourceVersion "1"]
[SourceVersionDate "2018.04.08"]
[SourceQuality "1"]
[WhiteTeam "SC Prichsenstadt"]
[BlackTeam "TSV 1895 Karlburg e.V."]

1. d4 d5 2. c4 e6 3. Nf3 Nf6 4. g3 g6 5. Bg2 Bg7 6. O-O O-O 7. Nbd2 Nbd7 8. Qc2
Re8 9. b3 c6 10. Bb2 e5 11. dxe5 Ng4 12. cxd5 cxd5 13. Rfd1 Ndxe5 14. Nxe5 Nxe5
15. Nf3 Bf5 16. Qd2 Be4 17. Bxe5 Bxe5 18. Nxe5 Bxg2 19. Nxf7 Kxf7 20. Kxg2 Re5
21. e3 Qe7 22. Rac1 Rd8 23. Qd4 b6 24. Rc2 Re4 25. Qc3 Rd7 26. Rd4 Qe6 27. Qd3
Rxd4 28. Qxd4 Qe4+ 29. Qxe4 dxe4 30. f3 exf3+ 31. Kxf3 Ke6 32. e4 Ke5 33. Ke3
g5 34. a4 h6 35. g4 Rd6 36. Rf2 Ke6 37. h3 Rd1 38. Ke2 Rb1 39. Rf3 Ke5 40. Re3
Rb2+ 41. Kf3 Rb1 1/2-1/2

[Event "69. UEM HT"]
[Site "Schweinfurt / Germany"]
[Date "2018.04.03"]
[Round "2.6"]
[White "Chen, Jiwei"]
[Black "Simon, Manuel"]
[Result "0-1"]
[WhiteElo "1062"]
[BlackElo "1562"]
[Annotator "Lukas, Norbert"]
[PlyCount "84"]
[EventDate "2018.04.02"]
[EventType "swiss"]
[EventRounds "9"]
[EventCountry "GER"]
[SourceTitle "69. UEM"]
[Source "SK SW 2000 e.V."]
[SourceDate "2018.04.08"]
[SourceVersion "1"]
[SourceVersionDate "2018.04.08"]
[SourceQuality "1"]
[WhiteTeam "Schachklub Schweinfurt 2000 e.V."]
[BlackTeam "SK 1928 Mömbris"]

1. e4 e5 2. Nf3 Nc6 3. Bc4 Nf6 4. Nc3 Bc5 5. d3 h6 6. O-O d6 7. h3 O-O 8. Nh2
Ne7 9. Qf3 Nc6 10. Ne2 Nd4 11. Nxd4 Bxd4 12. Ng4 Nxg4 13. hxg4 Qh4 14. Qh3 Qxg4
15. Qh2 c6 16. Bd2 Bxb2 17. Rab1 Bd4 18. Kh1 b6 19. f3 Qg6 20. Rfd1 b5 21. Bb3
Bb7 22. c3 Bf2 23. Be1 Be3 24. Bd2 Bxd2 25. Rxd2 Qf6 26. a4 a6 27. d4 exd4 28.
cxd4 Rfe8 29. Re1 Rad8 30. f4 c5 31. e5 dxe5 32. fxe5 Qg5 33. Rdd1 c4 34. Bc2
b4 35. Qh3 a5 36. Kg1 Bd5 37. Re2 Rb8 38. Rf2 Re7 39. Bb1 c3 40. Qd3 g6 41. Qa6
Qg4 42. Ba2 Qxd1+ 0-1

[Event "69. UEM HT"]
[Site "Schweinfurt / Germany"]
[Date "2018.04.03"]
[Round "2.8"]
[White "Nicola, Marius"]
[Black "Susallek, Daniela"]
[Result "1-0"]
[WhiteElo "1491"]
[BlackElo "1100"]
[Annotator "Lukas, Norbert"]
[PlyCount "43"]
[EventDate "2018.04.02"]
[EventType "swiss"]
[EventRounds "9"]
[EventCountry "GER"]
[SourceTitle "69. UEM"]
[Source "SK SW 2000 e.V."]
[SourceDate "2018.04.08"]
[SourceVersion "1"]
[SourceVersionDate "2018.04.08"]
[SourceQuality "1"]
[WhiteTeam "Schachklub Schweinfurt 2000 e.V."]
[BlackTeam "SK 1928 Mömbris"]

1. e4 e5 2. f4 Nc6 3. Nf3 d6 4. Bc4 h6 5. O-O Nf6 6. d3 b6 7. c3 Bb7 8. fxe5
dxe5 9. b4 Bd6 10. Nh4 Qd7 11. Rxf6 gxf6 12. Qf3 O-O-O 13. Qxf6 Be7 14. Qxf7
Bxh4 15. Be6 Rhf8 16. Bxd7+ Rxd7 17. Qxf8+ Nd8 18. Qf3 Be7 19. Bxh6 Rd6 20. Bf8
Bxf8 21. Qxf8 Rd4 22. Qf5+ 1-0

[Event "69. UEM HT"]
[Site "Schweinfurt / Germany"]
[Date "2018.04.03"]
[Round "2.2"]
[White "Peuckert, Ruediger"]
[Black "Brodt, Andreas"]
[Result "1-0"]
[WhiteElo "1822"]
[BlackElo "1784"]
[Annotator "Lukas, Norbert"]
[PlyCount "121"]
[EventDate "2018.04.02"]
[EventType "swiss"]
[EventRounds "9"]
[EventCountry "GER"]
[SourceTitle "69. UEM"]
[Source "SK SW 2000 e.V."]
[SourceDate "2018.04.08"]
[SourceVersion "1"]
[SourceVersionDate "2018.04.08"]
[SourceQuality "1"]
[WhiteTeam "Schachklub Schweinfurt 2000 e.V."]
[BlackTeam "Schachklub Schweinfurt 2000 e.V."]

1. d4 Nf6 2. Bf4 e6 3. e3 Be7 4. Nf3 b6 5. Bd3 h6 6. Nbd2 d5 7. c3 Bb7 8. Ne5
Nbd7 9. Bb5 a6 10. Bc6 Bxc6 11. Nxc6 Qc8 12. Nxe7 Kxe7 13. h3 g5 14. Bh2 c5 15.
Qe2 Qc6 16. Nf3 Rhg8 17. Be5 Rg6 18. g4 Qb7 19. O-O-O c4 20. Bxf6+ Rxf6 21. Nd2
b5 22. e4 Rf4 23. exd5 Qxd5 24. h4 Nf6 25. f3 Rb8 26. hxg5 hxg5 27. Rde1 b4 28.
Qe5 Rb7 29. Qxd5 Nxd5 30. Kc2 bxc3 31. bxc3 Rb5 32. Rh3 Nb6 33. Rb1 f6 34. Rh7+
Kd6 35. Ra7 Kc6 36. Rxa6 Rxb1 37. Kxb1 Kb5 38. Ra7 e5 39. dxe5 fxe5 40. Re7 Nd5
41. Rxe5 Kc6 42. Kc2 Kd6 43. Rxg5 Ne3+ 44. Kc1 Ke6 45. a4 Nd5 46. Kb2 Ne3 47.
a5 Nd1+ 48. Kc2 Ne3+ 49. Kc1 Rf7 50. a6 Ra7 51. Ra5 Nd5 52. Ne4 Nc7 53. Nc5+
Kd6 54. g5 Kc6 55. Ne4 Kb6 56. Rf5 Nxa6 57. Rf6+ Kb5 58. g6 Rg7 59. Nd6+ Ka4
60. Nf5 Ra7 61. g7 1-0

[Event "69. UEM HT"]
[Site "Schweinfurt / Germany"]
[Date "2018.04.03"]
[Round "2.10"]
[White "Schalkhäuser, Linus"]
[Black "Brätz, Yannick"]
[Result "0-1"]
[WhiteElo "801"]
[BlackElo "1363"]
[Annotator "Lukas, Norbert"]
[PlyCount "60"]
[EventDate "2018.04.02"]
[EventType "swiss"]
[EventRounds "9"]
[EventCountry "GER"]
[SourceTitle "69. UEM"]
[Source "SK SW 2000 e.V."]
[SourceDate "2018.04.08"]
[SourceVersion "1"]
[SourceVersionDate "2018.04.08"]
[SourceQuality "1"]
[WhiteTeam "Schachklub Schweinfurt 2000 e.V."]
[BlackTeam "Schachklub Schweinfurt 2000 e.V."]

1. e4 e5 2. Nf3 Nc6 3. Bb5 Nf6 4. d3 d6 5. Bg5 Be7 6. Nc3 O-O 7. Qd2 a6 8. Bxc6
bxc6 9. O-O-O c5 10. Bh4 Bd7 11. Rhe1 Rb8 12. Qg5 Nd5 13. Qg3 Nxc3 14. bxc3 Kh8
15. Kd2 f6 16. h3 g5 17. Ke2 gxh4 18. Nxh4 f5 19. Nxf5 Bxf5 20. exf5 Rxf5 21.
Kf1 Bh4 22. Qe3 Bxf2 23. Qxf2 Rxf2+ 24. Kxf2 Rb2 25. d4 Rxc2+ 26. Kg1 Qg5 27.
g4 h5 28. Rf1 Qe3+ 29. Kh1 Qxh3+ 30. Kg1 Qg2# 0-1